00333nam a2200121Ia 4500008004100000041000800041082001500049100001900064245004500083260003900128300003300167365001100200240624s9999 xx 000 0 und d aeng a300.72 GUT aGUTHRIE GERARD aBASIC RESEARCH METHODS AN ENTRY TO SOCIA c2010aNew DelhibSage Publications axviii, : 221 : p. : cm. ; 23 cRSb34